La vida de las plantas / (Record no. 76627)

MARC details
000 -LEADER
campo de control de longitud fija 00794nam a2200253 i 4500
001 - NÚMERO DE CONTROL
campo de control 76627
003 - IDENTIFICADOR DE NÚMERO DE CONTROL
campo de control ES-MaACL
005 - FECHA Y HORA DE LA ÚLTIMA TRANSACCIÓN
campo de control 20250905155042.0
007 - CAMPO FIJO DE DESCRIPCIÓN FÍSICA--INFORMACIÓN GENERAL
campo de control de longitud fija t|
008 - DATOS DE LONGITUD FIJA--INFORMACIÓN GENERAL
campo de control de longitud fija 041004s1970 sp af |||| | spa d
080 ## - NÚMERO DE LA CLASIFICACIÓN DECIMAL UNIVERSAL
Número de la Clasificación Decimal Universal 582.3/.9
080 ## - NÚMERO DE LA CLASIFICACIÓN DECIMAL UNIVERSAL
Número de la Clasificación Decimal Universal 58
100 1# - ENTRADA PRINCIPAL--NOMBRE DE PERSONA
Nombre de persona Guillaumin, André.
9 (RLIN) 60735
245 13 - MENCIÓN DEL TÍTULO
Título La vida de las plantas /
Mención de responsabilidad, etc. André Guillaumin, Fernand Moreau, Claude Moreau ; [traducción por Emilio Guinea].
260 ## - PUBLICACIÓN, DISTRIBUCIÓN, ETC.
Lugar de publicación, distribución, etc. Barcelona :
Nombre del editor, distribuidor, etc. Labor,
Fecha de publicación, distribución, etc. [1970]
300 ## - DESCRIPCIÓN FÍSICA
Extensión 590 p., 36 lám. :
Otras características físicas il. ;
Dimensiones 28 cm.
650 #7 - PUNTO DE ACCESO ADICIONAL DE MATERIA--TÉRMINO DE MATERIA
Término de materia o nombre geográfico como elemento de entrada Plantas
Fuente del encabezamiento o término embne
9 (RLIN) 146656
650 #7 - PUNTO DE ACCESO ADICIONAL DE MATERIA--TÉRMINO DE MATERIA
Término de materia o nombre geográfico como elemento de entrada Botánica
Fuente del encabezamiento o término embne
9 (RLIN) 10610
700 1# - ENTRADA AGREGADA--NOMBRE PERSONAL
Nombre de persona Moreau, Fernand.
9 (RLIN) 83207
700 1# - ENTRADA AGREGADA--NOMBRE PERSONAL
Nombre de persona Moreau, Claude.
9 (RLIN) 83204
700 1# - ENTRADA AGREGADA--NOMBRE PERSONAL
Nombre de persona Guinea López, Emilio,
Fechas asociadas al nombre 1907-1985
9 (RLIN) 60863
852 4# - LOCALIZACIÓN
Ubicación ES-MaACL
Número de control de estantería C-29822
Holdings
Estatus retirado Estado de pérdida Estado de daño No para préstamo Biblioteca de origen Biblioteca actual Ubicación en estantería Fecha de adquisición Fuente de adquisición Total de préstamos Signatura topográfica completa Código de barras Visto por última vez Precio de reemplazo Tipo de ítem Koha
        Biblioteca del Ateneo de Madrid Biblioteca del Ateneo de Madrid Depósito 2 17/01/2008     C-29822 1080182 23/02/2023 23/02/2023 Libro impreso